LEADER 01031nam0-2200313 --450 001 9910369258703321 005 20200207110032.0 010 $a978-0-19-921531-7$bv. 1 010 $a978-0-19-870378-5$bv. 2 100 $a20200207d2014----kmuy0itay5050 ba 101 0 $aeng 102 $aGB 105 $a 001yy 200 1 $aSport in the greek and roman worlds$fedited by Thomas F. Scanlon 210 $aOxford$cOxford University Press$d2014 215 $a2 v.$cill.$d22 cm 225 1 $aOxford readings in classical studies 327 1 $a1.: Early Greece, the olympics, and contents$a2.: Greek athletic identities and roman sports and spectacle 676 $a796.0937$v22 676 $a796.0938$v22 702 1$aScanlon,$bThomas Francis 801 0$aIT$bUNINA$gREICAT$2UNIMARC 901 $aBK 912 $a9910369258703321 952 $a796.093 SCA 1(1)$b2019/2050$fFLFBC 952 $a796.093 SCA 1(2)$b2020/041$fFLFBC 959 $aFLFBC 996 $aSport in the greek and roman worlds$91668469 997 $aUNINA LEADER 03776nam 2200721 a 450 001 9910790361003321 005 20200520144314.0 010 $a1-280-69857-8 010 $a9786613675538 010 $a90-04-21888-2 024 7 $a10.1163/9789004218888 035 $a(CKB)2670000000206590 035 $a(EBL)939399 035 $a(OCoLC)796384438 035 $a(SSID)ssj0000678694 035 $a(PQKBManifestationID)11405296 035 $a(PQKBTitleCode)TC0000678694 035 $a(PQKBWorkID)10728228 035 $a(PQKB)10538265 035 $a(MiAaPQ)EBC939399 035 $a(nllekb)BRILL9789004218888 035 $a(Au-PeEL)EBL939399 035 $a(CaPaEBR)ebr10569478 035 $a(CaONFJC)MIL367553 035 $a(PPN)174403089 035 $a(EXLCZ)992670000000206590 100 $a20120411d2012 uy 0 101 0 $aeng 135 $aurcn||||||||| 181 $ctxt 182 $cc 183 $acr 200 10$aPlaces of refuge for ships in distress$b[electronic resource] $eproblems and methods of resolution /$fby Anthony P. Morrison 210 $aLeiden ;$aBoston $cMartinus Nijhoff Publishers$d2012 215 $a1 online resource (428 p.) 225 1 $aLegal aspects of sustainable development,$x1875-0923 ;$vv. 12 300 $aDescription based upon print version of record. 311 $a90-04-21889-0 320 $aIncludes bibliographical references and index. 327 $aThe places of refuge problem -- General access to ports in international law -- Access to ports by ships in distress in international law -- International responses to places of refuge problem -- National responses to places of refuge problem -- Regional response to places of refuge problem -- A convention on places of refuge as a solution -- Factors affecting a response to places of refuge problem. 330 $aThe problem of places of refuge for ships in distress is a pressing issue in maritime circles. Places of Refuge for Ships in Distress by Anthony Morrison examines the problem in the context of international and national law and analyses the remedies that have been suggested for resolving this troubling issue. The book examines places of refuge under international law, the laws of four major maritime States and the European Union. Places of Refuge for Ships in Distress analyses two proposed solutions ? voluntary guidelines and a new convention. The book asserts that additional solutions are needed and examines potential alternatives. Places of Refuge for Ships in Distress is particularly useful, not only as an assessment of the specific problem, but also the wider examination of international maritime and environmental law that underpins any solution. It will serve as an essential resource to individuals involved in international, maritime and environmental law and those concerned with the threat to the environment posed by the carriage of dangerous goods by sea. 410 0$aLegal aspects of sustainable development ;$vv. 12. 606 $aHarbors of refuge 606 $aHarbors$xLaw and legislation 606 $aHarbors$xSafety regulations 606 $aShipping$xSafety measures 606 $aMarine pollution$xLaw and legislation 606 $aMaritime law 615 0$aHarbors of refuge. 615 0$aHarbors$xLaw and legislation. 615 0$aHarbors$xSafety regulations. 615 0$aShipping$xSafety measures. 615 0$aMarine pollution$xLaw and legislation. 615 0$aMaritime law. 676 $a343.09/62 700 $aMorrison$b Anthony P$01558081 801 0$bMiAaPQ 801 1$bMiAaPQ 801 2$bMiAaPQ 906 $aBOOK 912 $a9910790361003321 996 $aPlaces of refuge for ships in distress$93852830 997 $aUNINA LEADER 01215oas 2200409z- 450 001 9910595461603321 005 20250610151924.0 011 $a2536-0051 035 $a(DE-599)ZDB47471-X 035 $a(CKB)5680000000082344 035 $a(IL-JeEL)995680000000082344 035 $a(EXLCZ)995680000000082344 100 $a20230523cuuuuuuuu -u- - 101 0 $aeng 135 $aurcn#nnn||||| 181 $ctxt$2rdacontent 182 $cc$2rdamedia 183 $acr$2rdacarrier 200 00$aArab Gulf journal of scientific research$ewater, energy, food and environment 210 1$aThousand Oaks:$cEmerald,$d2022. 215 $a1 online resource 311 08$a1985-9899 320 $aIncludes bibliographical references (pages) and index. 606 $aBusiness education 606 $aManagement science 606 $aComparative education 615 0$aBusiness education. 615 0$aManagement science. 615 0$aComparative education. 676 $a505 702 $aAlnaser$b Waheeb 712 02$aArabian Gulf University. 906 $aJOURNAL 912 $a9910595461603321 920 $aIL-JeEL 996 $aArab Gulf journal of scientific research$92231639 997 $aUNINA